Manual of ship construction (Record no. 854)

000 -LEADER
fixed length control field 00407nam a22001577a 4500
008 - FIXED-LENGTH DATA ELEMENTS--GENERAL INFORMATION
fixed length control field 191226b ||||| |||| 00| 0 eng d
082 00 - DEWEY DECIMAL CLASSIFICATION NUMBER
Classification number 623.8
Item number M2832
100 ## - MAIN ENTRY--PERSONAL NAME
9 (RLIN) 398
Personal name Manning, George C.
245 10 - TITLE STATEMENT
Title Manual of ship construction
250 ## - EDITION STATEMENT
Edition statement 5th
260 ## - PUBLICATION, DISTRIBUTION, ETC. (IMPRINT)
Place of publication, distribution, etc New York
Name of publisher, distributor, etc Van Nostrand
Date of publication, distribution, etc 1944
300 ## - PHYSICAL DESCRIPTION
Extent viii, 331p.
365 ## - TRADE PRICE
Price amount 14.01
650 #0 - SUBJECT ADDED ENTRY--TOPICAL TERM
Topical term or geographic name as entry element Naval Architecture
942 ## - ADDED ENTRY ELEMENTS (KOHA)
Item type Books
Holdings
Withdrawn status Lost status Source of classification or shelving scheme Damaged status Not for loan Permanent location Current location Date acquired Source of acquisition Full call number Barcode Date last seen Koha item type
          IMU Kolkata IMU Kolkata 1952-10-10 Asian publishing house 623.8 M2832 00397 2019-12-26 Books
          IMU Kolkata IMU Kolkata 1952-10-10 Asian publishing house 623.8 M2832 00398 2019-12-26 Books
Designed and Maintained by IMU-KC Library, Kolkata Campus © Copyright All Rights Reserved

webs counters

Powered by Koha